000 00958nam a2200205Ia 4500
003 OSt
005 20241005110122.0
007 ca aa aaaaa
008 201103s9999 xx 000 0 und d
040 _cSSBUL
041 _abur
082 _223
_a၂၉၄.၃၀၉၂ ဣန်
_b၉၁၃၂ S-SAT
100 0 _a ဣန္ဒာသဘ၊ အရှင်
_917251
245 1 0 _aဘဒ္ဒန္တမာဃိန္ဒ အသျှင်သူမြတ်ထေရုပ္ပတ္တိ /
_cအရှင်ဣန္ဒာသဘ။
260 _aရန်ကုန် ၊
_bအာရုံသစ်ပုံနှိပ်တိုက်၊
_c၁၉၇၈။
300 _aဋ္ဌ၊ ၁၆၀ စာမျက်နှာ ၊
_c၁၈ စင်တီ။
500 _aS-SAT: Dr. Sai Aung Tun
650 _aဘဒ္ဒန္တမာဃိန္ဒ အသျှင်သူမြတ်
_xထေရုပ္ပတ္တိ
_954904
942 _2ddc
_cBK1
999 _c16610
_d16610